<?xml version="1.0" encoding="UTF-8"?>
<record
    xmlns:xsi="http://www.w3.org/2001/XMLSchema-instance"
    xsi:schemaLocation="http://www.loc.gov/MARC21/slim http://www.loc.gov/standards/marcxml/schema/MARC21slim.xsd"
    xmlns="http://www.loc.gov/MARC21/slim">

  <leader>01244nam a22001457a 4500</leader>
  <datafield tag="999" ind1=" " ind2=" ">
    <subfield code="c">525948</subfield>
    <subfield code="d">525948</subfield>
  </datafield>
  <controlfield tag="008">240426b           ||||| |||| 00| 0 eng d</controlfield>
  <datafield tag="100" ind1=" " ind2=" ">
    <subfield code="a">Deng, Minjie</subfield>
    <subfield code="9">51900</subfield>
  </datafield>
  <datafield tag="245" ind1=" " ind2=" ">
    <subfield code="a">Inequality, taxation, and sovereign default risk</subfield>
  </datafield>
  <datafield tag="260" ind1=" " ind2=" ">
    <subfield code="a">American Economic Journal: Microeconomics   </subfield>
  </datafield>
  <datafield tag="300" ind1=" " ind2=" ">
    <subfield code="a">16(2), Apr, 2024: p.217-249</subfield>
  </datafield>
  <datafield tag="520" ind1=" " ind2=" ">
    <subfield code="a">Income inequality and worker migration significantly affect sovereign default risk. Governments often impose progressive taxes to reduce inequality, which redistribute income but discourage labor supply and induce emigration. Reduced labor supply and a smaller high-income workforce erode the current and future tax base, reducing government's ability to repay debt. I develop a sovereign default model with endogenous nonlinear taxation and heterogeneous labor to quantify this effect. In the model, the government chooses the optimal combination of taxation and debt, considering its impact on workers' labor and migration decisions. Income inequality accounts for one-fifth of the average US state government spread. &#x2013;Reproduced

https://www.aeaweb.org/articles?id=10.1257/mac.20210133
 
</subfield>
  </datafield>
  <datafield tag="773" ind1=" " ind2=" ">
    <subfield code="a">American Economic Journal: Microeconomics   </subfield>
  </datafield>
  <datafield tag="906" ind1=" " ind2=" ">
    <subfield code="a">INCOME INEQUALITY</subfield>
  </datafield>
  <datafield tag="942" ind1=" " ind2=" ">
    <subfield code="c">AR</subfield>
  </datafield>
  <datafield tag="952" ind1=" " ind2=" ">
    <subfield code="0">0</subfield>
    <subfield code="1">0</subfield>
    <subfield code="2">ddc</subfield>
    <subfield code="4">0</subfield>
    <subfield code="7">0</subfield>
    <subfield code="9">401002</subfield>
    <subfield code="a">IIPA</subfield>
    <subfield code="b">IIPA</subfield>
    <subfield code="d">2024-04-26</subfield>
    <subfield code="h">16(2), Apr, 2024: p.217-249</subfield>
    <subfield code="p">AR131741</subfield>
    <subfield code="r">2024-04-26</subfield>
    <subfield code="y">AR</subfield>
  </datafield>
</record>
